[Event "N�-LL 2009/10"]
[Site "?"]
[Date "2010.01.10"]
[Round "7"]
[White "Wadsack, Wolfgang"]
[Black "Wagner, Stefan"]
[Result "1/2-1/2"]
[WhiteElo "2185"]
[BlackElo "2082"]
[Annotator "Amstetten:Zwettl"]
[PlyCount "103"]
[EventDate "2010.??.??"]
[TimeControl "180"]

1. e4 e5 2. Nc3 Nc6 3. Nf3 Nf6 4. d4 exd4 5. Nxd4 Bb4 6. Nxc6 bxc6 7. Bd3 d5 8.
exd5 cxd5 9. O-O O-O 10. Bg5 c6 11. Qf3 h6 12. Bxf6 Qxf6 13. Qxf6 gxf6 14. Ne2
Bd6 15. Nd4 c5 16. Nf5 Bxf5 17. Bxf5 Rfe8 18. Rad1 Rad8 19. g4 Be5 20. c3 Bf4
21. Kg2 d4 22. cxd4 cxd4 23. Kf3 Bc7 24. Rd3 Bb6 25. b4 Re5 26. Rc1 Rb5 27. Rc4
Rbd5 28. a4 a5 29. Rc6 R5d6 30. b5 Kg7 31. Rd1 Kf8 32. Ke4 Ke7 33. Kd3 Rxc6 34.
bxc6 Rd5 35. Rb1 Bc7 36. Rb7 Kd6 37. Bd7 Rc5 38. Kxd4 Rc2 39. f4 Ra2 40. Ke4
Rxa4+ 41. Kf5 Rc4 42. Be8 Rd4 43. Ra7 Rb4 44. h4 Rd4 45. g5 fxg5 46. hxg5 hxg5
47. fxg5 Rd5+ 48. Kg4 a4 49. Bxf7 Ra5 50. Rxa5 Bxa5 51. g6 Bc3 52. Kf5 1/2-1/2

[Event "N�-LL 2009/10"]
[Site "?"]
[Date "2010.01.10"]
[Round "7"]
[White "Bawart, Markus"]
[Black "Kleiser, Gregor"]
[Result "0-1"]
[WhiteElo "2391"]
[BlackElo "2266"]
[Annotator "Niederabsdorf : Baden"]
[PlyCount "74"]
[EventDate "2010.??.??"]

1. Nf3 Nf6 2. g3 b5 3. Bg2 Bb7 4. O-O e6 5. d3 Be7 6. e4 O-O 7. Nc3 b4 8. Ne2
c5 9. e5 Ne8 10. a3 a5 11. c3 d6 12. Nf4 Nd7 13. exd6 Nxd6 14. Re1 Qb6 15. Bd2
Rad8 16. axb4 axb4 17. cxb4 cxb4 18. Be3 Qc7 19. Qb3 Nf5 20. Ba7 Qd6 21. Ra5
Ra8 22. Nxe6 Rxa7 23. Rxf5 fxe6 24. Rxe6 Nc5 25. Rxc5 Qxc5 26. Rc6+ Kh8 27.
Rxc5 Ra1+ 28. Bf1 Bxc5 29. Qc4 Bxf2+ 30. Kxf2 Rxf3+ 31. Ke2 Raxf1 32. Qxb4
R1f2+ 33. Ke1 Rf7 34. Qd4 Kg8 35. h4 Rg2 36. Qd8+ Rf8 37. Qe7 Ra8 0-1

[Event "N�-LL 2009/10"]
[Site "?"]
[Date "2010.01.10"]
[Round "7"]
[White "P�tz, Florian"]
[Black "Geismann, Bernhard"]
[Result "1-0"]
[WhiteElo "2298"]
[BlackElo "2039"]
[Annotator "Niederabsdorf : Baden"]
[PlyCount "81"]
[EventDate "2010.??.??"]

1. e4 e5 2. Nf3 Nc6 3. Bb5 a6 4. Ba4 Nf6 5. O-O Be7 6. Re1 b5 7. Bb3 d6 8. c3
O-O 9. h3 Na5 10. Bc2 c5 11. d4 Qc7 12. Nbd2 Nc6 13. d5 Nd8 14. a4 Rb8 15. axb5
axb5 16. b4 Bd7 17. Nf1 Ne8 18. Be3 f6 19. Qe2 Nf7 20. Ra5 g6 21. Rea1 Ng7 22.
bxc5 dxc5 23. c4 b4 24. N1d2 Nd8 25. Nb3 Nb7 26. Ra7 Rfc8 27. Ne1 Qd8 28. Nd3
Bb5 29. cxb5 c4 30. Nb2 cxb3 31. Bxb3 Bc5 32. Bxc5 Rxc5 33. Na4 Rcc8 34. Qe3
Nd6 35. b6 Rb7 36. Nc5 Rxc5 37. Qxc5 Nxe4 38. d6+ Kh8 39. Qd5 Nxf2 40. Qxb7
Nxh3+ 41. gxh3 1-0

[Event "N�-LL 2009/10"]
[Site "?"]
[Date "2010.01.10"]
[Round "7"]
[White "Herndlbauer, Martin"]
[Black "Schwarhofer, Christopher"]
[Result "1/2-1/2"]
[WhiteElo "2086"]
[BlackElo "2262"]
[Annotator "Niederabsdorf : Baden"]
[PlyCount "64"]
[EventDate "2010.??.??"]

1. e4 c5 2. Nf3 d6 3. d4 cxd4 4. Nxd4 Nf6 5. Nc3 g6 6. Be3 Bg7 7. f3 Nc6 8. Qd2
O-O 9. Bc4 Bd7 10. O-O-O Ne5 11. Bb3 Qa5 12. h4 Rfc8 13. g4 Nc4 14. Bxc4 Rxc4
15. h5 Rac8 16. hxg6 fxg6 17. Nb3 Qa6 18. e5 Ne8 19. Qh2 h6 20. Rd5 Be6 21. Ra5
Qc6 22. Bxh6 Rxc3 23. bxc3 Qxc3 24. Bxg7 Nxg7 25. Ra4 dxe5 26. Kb1 Qxf3 27. Nd2
Qc6 28. Qh7+ Kf8 29. Rf1+ Bf5 30. gxf5 Qxc2+ 31. Ka1 Nxf5 32. Qxg6 Qc3+ 1/2-1/2

[Event "N�-LL 2009/10"]
[Site "?"]
[Date "2010.01.10"]
[Round "7"]
[White "Wiedermann, Daniel"]
[Black "Perndl, Johann"]
[Result "1-0"]
[WhiteElo "2139"]
[BlackElo "2032"]
[Annotator "Niederabsdorf : Baden"]
[PlyCount "63"]
[EventDate "2010.??.??"]

1. d4 g6 2. c4 Bg7 3. e4 Nc6 4. Be3 e5 5. d5 Nd4 6. Nc3 c5 7. Bd3 d6 8. Nge2 f5
9. f4 Nf6 10. fxe5 dxe5 11. exf5 gxf5 12. Qd2 f4 13. Bxd4 cxd4 14. Ne4 Ng4 15.
Qb4 Bf8 16. c5 Ne3 17. Nxf4 Be7 18. Qa4+ Bd7 19. c6 bxc6 20. dxc6 O-O 21. cxd7
Rxf4 22. g3 Rf8 23. Ke2 Rb8 24. b3 Rb7 25. Bb5 Qb6 26. Ba6 Rc7 27. Rac1 Rxd7
28. Bc4+ Nxc4 29. Qxd7 Rd8 30. Qg4+ Kh8 31. Rxc4 d3+ 32. Kd1 1-0

[Event "N�-LL 2009/10"]
[Site "?"]
[Date "2010.01.10"]
[Round "7"]
[White "Trkulja, Zoran"]
[Black "Polak, Tomas"]
[Result "1/2-1/2"]
[WhiteElo "2184"]
[BlackElo "2502"]
[Annotator "Stockerau : Bisamberg/Korneuburg"]
[PlyCount "81"]
[EventDate "2010.??.??"]

1. e4 c6 2. d4 d5 3. Nc3 dxe4 4. Nxe4 Bf5 5. Ng3 Bg6 6. Nf3 Nf6 7. Bd3 e6 8. c3
Bd6 9. Qe2 Nbd7 10. Bg5 Qc7 11. Ne4 Bxe4 12. Bxe4 O-O 13. Bxf6 Nxf6 14. O-O
Rfe8 15. Rfe1 c5 16. h3 Rad8 17. Rad1 cxd4 18. Nxd4 Bc5 19. Nb3 Nxe4 20. Qxe4
Bb6 21. Qf3 h6 22. Rxd8 Rxd8 23. Rd1 Rxd1+ 24. Qxd1 Qf4 25. Qe2 Qf5 26. a3 Kf8
27. Nd4 Qf4 28. g3 Qc1+ 29. Kg2 Bxd4 30. cxd4 Qc6+ 31. f3 Ke7 32. h4 f6 33. g4
Kd6 34. Qd3 Qb6 35. b3 Qa5 36. b4 Qc7 37. Qe4 Qd7 38. h5 Kc7 39. Qc2+ Kb8 40.
Qe4 a6 41. Kf2 1/2-1/2

[Event "N�-LL 2009/10"]
[Site "?"]
[Date "2010.01.10"]
[Round "7"]
[White "Chytilek, Roman"]
[Black "Reinwald, Patrick"]
[Result "1-0"]
[WhiteElo "2418"]
[BlackElo "2096"]
[Annotator "Stockerau : Bisamberg/Korneuburg"]
[PlyCount "59"]
[EventDate "2010.??.??"]

1. Nf3 Nf6 2. d4 e6 3. g3 b6 4. Bg2 Bb7 5. O-O Be7 6. Re1 O-O 7. c4 d5 8. cxd5
exd5 9. Nc3 c5 10. Bf4 Nc6 11. Rc1 a6 12. dxc5 bxc5 13. Nh4 d4 14. Na4 Na5 15.
Nxc5 Bxg2 16. Nxg2 Qd5 17. Qa4 Bxc5 18. Qxa5 Rfc8 19. Bd2 Qd6 20. Nf4 Ne4 21.
Nd3 Nxd2 22. Qxd2 Bb6 23. Rxc8+ Rxc8 24. Rc1 Re8 25. Rc2 g6 26. Qb4 Qe6 27. Qa4
Ba7 28. Nf4 Qe4 29. Qc6 f5 30. Nd5 1-0

[Event "N�-LL 2009/10"]
[Site "?"]
[Date "2010.01.10"]
[Round "7"]
[White "Pammer, Andreas"]
[Black "Schmid, Thomas"]
[Result "1-0"]
[WhiteElo "2111"]
[BlackElo "2196"]
[Annotator "Stockerau : Bisamberg/Korneuburg"]
[PlyCount "75"]
[EventDate "2010.??.??"]

1. c4 Nf6 2. Nc3 g6 3. e4 d6 4. d4 Bg7 5. h3 O-O 6. Bg5 Na6 7. Nf3 Qe8 8. Be2
e5 9. d5 Nh5 10. g3 f5 11. Nd2 Nf6 12. g4 Nc5 13. f3 a5 14. Qc2 h6 15. Be3 b6
16. O-O-O a4 17. Rde1 f4 18. Bf2 Nh7 19. Ndb1 Bd7 20. Na3 Qb8 21. Nab5 Rd8 22.
Rd1 Nf8 23. h4 Bf6 24. g5 hxg5 25. hxg5 Bxg5 26. Rdg1 Bf6 27. Bh4 Bxh4 28. Rxh4
Be8 29. Bf1 Rd7 30. Qh2 Rg7 31. Rh8+ Kf7 32. Qh6 Qd8 33. Bh3 Bd7 34. Bf5 Be8
35. Rg4 Qe7 36. Ne2 Rd8 37. Nxf4 exf4 38. Rxf4 {Schwarz uberschreitet die Zeit}
1-0

[Event "N�-LL 2009/10"]
[Site "?"]
[Date "2010.01.10"]
[Round "7"]
[White "Danner, Georg"]
[Black "Neumeier, Klaus"]
[Result "1/2-1/2"]
[WhiteElo "2395"]
[BlackElo "2358"]
[Annotator "Mauerbach : Schwarzatal"]
[PlyCount "55"]
[EventDate "2010.01.11"]
[SourceDate "2010.01.11"]

1. d4 d5 2. c4 c6 3. e3 Nf6 4. Nf3 Bf5 5. Nc3 e6 6. Nh4 Bg6 7. Bd2 Nbd7 8. Be2
Be7 9. Qb3 Qc7 10. Rc1 dxc4 11. Bxc4 Ne4 12. Nxg6 Nxd2 13. Kxd2 hxg6 14. Kc2
Nb6 15. h3 Nxc4 16. Qxc4 O-O-O 17. Kb1 Kb8 18. f4 g5 19. Rhf1 gxf4 20. Rxf4 Bd6
21. Rf3 Qe7 22. e4 f6 23. Rd3 Bc7 24. d5 cxd5 25. exd5 Be5 26. dxe6 Rxd3 27.
Qxd3 Qxe6 28. Rd1 1/2-1/2

[Event "N�-LL 2009/10"]
[Site "?"]
[Date "2010.01.10"]
[Round "7"]
[White "Penz, Harald"]
[Black "Csonka, Attila"]
[Result "1/2-1/2"]
[WhiteElo "2310"]
[BlackElo "2310"]
[Annotator "Mauerbach : Schwarzatal"]
[PlyCount "119"]
[EventDate "2010.01.11"]
[SourceDate "2010.01.11"]

1. e4 c5 2. c3 Nf6 3. e5 Nd5 4. d4 cxd4 5. Nf3 Nc6 6. Bc4 e6 7. cxd4 d6 8. Bxd5
exd5 9. Nc3 Bg4 10. O-O dxe5 11. dxe5 d4 12. Nb5 Bxf3 13. Qxf3 a6 14. Nd6+ Bxd6
15. exd6 Qxd6 16. Re1+ Kf8 17. Bf4 Qd7 18. Re2 h6 19. Rae1 Kg8 20. Qd3 Rd8 21.
h3 f5 22. Re6 Qf7 23. Qb3 Rd7 24. Qd3 Kh7 25. a3 Rf8 26. Qg3 Nd8 27. Rd6 Rxd6
28. Bxd6 Re8 29. Rxe8 Qxe8 30. Qd3 Qe4 31. Qd2 d3 32. Bb4 Ne6 33. f3 Qd5 34.
Bc3 Nc5 35. Qf4 b5 36. Kf1 Na4 37. Ke1 Nxc3 38. bxc3 Qe6+ 39. Kf2 Qe2+ 40. Kg3
Qe1+ 41. Kh2 d2 42. Qxf5+ Kg8 43. Qd5+ Kf8 44. Qd8+ Kf7 45. Qd7+ Kf6 46. Qd6+
Kg5 47. Qd5+ Kf4 48. Qd4+ Kf5 49. Qd7+ Ke5 50. Qxg7+ Ke6 51. Qg4+ Ke7 52. Qg7+
Ke8 53. Qg8+ Kd7 54. Qd5+ Ke7 55. Qc5+ Ke6 56. Qc6+ Kf5 57. Qd7+ Ke5 58. Qd4+
Ke6 59. Qg4+ Kd6 60. Qd4+ 1/2-1/2

[Event "N�-LL 2009/10"]
[Site "?"]
[Date "2010.01.10"]
[Round "7"]
[White "Roth, Peter"]
[Black "Weissenbeck, Manuel"]
[Result "0-1"]
[WhiteElo "2211"]
[BlackElo "2239"]
[Annotator "Mauerbach : Schwarzatal"]
[PlyCount "56"]
[EventDate "2010.01.11"]
[SourceDate "2010.01.11"]

1. e4 c5 2. Nc3 Nc6 3. f4 e6 4. Nf3 d5 5. Bb5 d4 6. Ne2 Bd7 7. O-O Nf6 8. d3
Be7 9. a3 Qc7 10. Qe1 a6 11. Bxc6 Bxc6 12. Qg3 g6 13. Bd2 Nh5 14. Qh3 f5 15.
Ne5 Bd6 16. g4 Bxe5 17. exf5 Bd6 18. Rae1 O-O-O 19. gxh5 gxf5 20. Ng3 Rde8 21.
c4 Rhg8 22. b4 Rg4 23. Rf2 Bxf4 24. Bxf4 Rxf4 25. Rfe2 Rg4 26. Kf1 Qf4+ 27. Rf2
Qg5 28. Re5 Rh4 0-1

[Event "N�-LL 2009/10"]
[Site "?"]
[Date "2010.01.10"]
[Round "7"]
[White "Thoma, Wilhelm"]
[Black "Matevosyan, Andy"]
[Result "1-0"]
[WhiteElo "2072"]
[BlackElo "2135"]
[Annotator "Mauerbach : Schwarzatal"]
[PlyCount "75"]
[EventDate "2010.01.11"]
[SourceDate "2010.01.11"]

1. d4 Nf6 2. c4 d6 3. Nf3 Nbd7 4. Nc3 g6 5. e4 e5 6. d5 Bg7 7. Be2 O-O 8. Be3
Ng4 9. Bg5 f6 10. Bh4 a5 11. a3 Nh6 12. Nd2 Nc5 13. b4 axb4 14. axb4 Rxa1 15.
Qxa1 Na6 16. Qa3 g5 17. Bg3 f5 18. f3 g4 19. c5 Nb8 20. O-O f4 21. Bf2 g3 22.
hxg3 fxg3 23. Bxg3 Qg5 24. Be1 Bf6 25. Nc4 dxc5 26. bxc5 Kh8 27. Rf2 Qg7 28.
Bf1 Nf7 29. Nb5 Ng5 30. g3 Rg8 31. Rh2 Qd7 32. Na7 Na6 33. Kf2 Rf8 34. c6 Qf7
35. Nxc8 Be7 36. Nxe7 Nxe4+ 37. Kg1 Nec5 38. Nxe5 1-0

[Event "N�-LL 2009/10"]
[Site "?"]
[Date "2010.01.10"]
[Round "7"]
[White "Heimberger, Reinhard"]
[Black "Weiss, Christian"]
[Result "0-1"]
[WhiteElo "2223"]
[BlackElo "2393"]
[Annotator "P�chlarn : B�hlerwerk"]
[PlyCount "98"]
[EventDate "2010.??.??"]
[SourceDate "2009.10.04"]

1. g3 e5 2. e4 Nc6 3. Bg2 Nf6 4. Nc3 Bc5 5. Nf3 d6 6. O-O a6 7. d3 h6 8. Nd5
Bg4 9. h3 Be6 10. Nxf6+ Qxf6 11. Be3 Rd8 12. Qe2 O-O 13. a3 a5 14. Kh2 Bxe3 15.
fxe3 Qe7 16. Nh4 Kh7 17. Rf2 Nb8 18. Nf5 Bxf5 19. exf5 d5 20. f6 gxf6 21. Raf1
Rd6 22. h4 Nd7 23. Bh3 Rg8 24. Bf5+ Kg7 25. Qg4+ Kf8 26. Qh5 Kg7 27. d4 Nb6 28.
Qg4+ Kf8 29. Qh5 Rh8 30. Bh3 Nc4 31. dxe5 Nxe5 32. Qf5 Kg7 33. b3 Ng6 34. Qd3
Re8 35. h5 Ne5 36. Qd4 b6 37. Bf5 c5 38. Qf4 d4 39. e4 d3 40. c3 Red8 41. Bg4
b5 42. Rd2 c4 43. Bd1 b4 44. axb4 axb4 45. bxc4 bxc3 46. Rdf2 c2 47. Bxc2 dxc2
48. Rxc2 Qe6 49. g4 Rd1 0-1

[Event "N�-LL 2009/10"]
[Site "?"]
[Date "2010.01.04"]
[Round "7"]
[White "Knoll, Hermann"]
[Black "Hellmayr, Alois"]
[Result "1/2-1/2"]
[WhiteElo "2406"]
[BlackElo "2283"]
[Annotator "P�chlarn : B�hlerwerk"]
[PlyCount "81"]
[EventDate "2010.??.??"]
[SourceDate "2009.10.04"]

1. d4 Nf6 2. c4 e6 3. Nf3 Bb4+ 4. Nc3 b6 5. Bg5 Bb7 6. Nd2 h6 7. Bh4 Bxc3 8.
bxc3 d6 9. Qc2 g5 10. Bg3 Nh5 11. e4 Nd7 12. Be2 Nxg3 13. hxg3 Qe7 14. g4 e5
15. f3 Nf6 16. Nf1 O-O-O 17. Ng3 Kb8 18. a4 a5 19. Rb1 Ka7 20. Kf2 Bc8 21. Qd3
Qe8 22. Qe3 c5 23. Rb2 Ba6 24. Rhb1 Rb8 25. Nf5 Qc6 26. Rd2 Qc7 27. Rbd1 Bc8
28. dxe5 dxe5 29. Nd6 Ba6 30. Nb5+ Bxb5 31. cxb5 Rbd8 32. Bc4 Kb8 33. Rd3 Kc8
34. Qe2 Rxd3 35. Rxd3 Rd8 36. Rxd8+ Kxd8 37. Qd1+ Ke7 38. Qh1 Ng8 39. Qh5 Kf8
40. g3 Kg7 41. Qh1 1/2-1/2

[Event "N�-LL 2009/10"]
[Site "?"]
[Date "2010.01.10"]
[Round "7"]
[White "Posch, Roland"]
[Black "Neumann, Christian"]
[Result "0-1"]
[WhiteElo "2074"]
[BlackElo "1971"]
[Annotator "P�chlarn : B�hlerwerk"]
[PlyCount "108"]
[EventDate "2010.??.??"]
[SourceDate "2009.10.04"]

1. e4 e5 2. Nf3 Nc6 3. Nc3 Nf6 4. d4 exd4 5. Nxd4 Bb4 6. Nxc6 bxc6 7. Bd3 d5 8.
exd5 cxd5 9. O-O O-O 10. Bg5 c6 11. Qf3 Be7 12. Rae1 Qd6 13. Bf4 Qd7 14. Ne2
Bc5 15. h3 Qb7 16. Ng3 Be6 17. b3 Qd7 18. Bg5 Be7 19. Qf4 Qd8 20. Qh4 g6 21. f4
Rb8 22. f5 Rb4 23. Qh6 Ng4 24. Bxe7 Qb6+ 25. Kh1 Nxh6 26. fxe6 Qb8 27. Bxf8
Kxf8 28. exf7 Nxf7 29. Ne2 Kg7 30. c3 Rh4 31. Nd4 Ng5 32. Re7+ Kh6 33. Rf6 Nxh3
34. Nf5+ Kg5 35. Rxc6 Nf2+ 36. Kg1 Nxd3 37. Nxh4 Kxh4 38. Rxh7+ Kg5 39. Rh3 Ne5
40. Ra6 Ng4 41. Ra4 Qe5 42. Rxg4+ Kxg4 43. a4 a5 44. Rf3 Qe1+ 45. Kh2 g5 46.
Rd3 Qe5+ 47. Kg1 Kf5 48. Kf2 g4 49. b4 axb4 50. cxb4 Qe4 51. Rd2 g3+ 52. Kf1
Qb1+ 53. Ke2 Ke4 54. b5 d4 0-1

[Event "N�-LL 2009/10"]
[Site "?"]
[Date "2010.01.10"]
[Round "7"]
[White "Strobel, Ferdinand"]
[Black "Mittermayr, Gerhard"]
[Result "0-1"]
[WhiteElo "2042"]
[BlackElo "2135"]
[Annotator "P�chlarn : B�hlerwerk"]
[PlyCount "94"]
[EventDate "2010.??.??"]
[SourceDate "2009.10.04"]

1. f4 d5 2. Nf3 Nf6 3. g3 c5 4. Bg2 Nc6 5. d3 e6 6. O-O Qb6 7. c3 Be7 8. Kh1
Bd7 9. Qc2 Rc8 10. e4 dxe4 11. dxe4 O-O 12. Be3 Nd4 13. Nxd4 cxd4 14. Bg1 d3
15. Qd2 Bc5 16. Bxc5 Qxc5 17. Na3 Ng4 18. Rae1 Bc6 19. h3 Qh5 20. Kg1 Qc5+ 21.
Kh1 Qh5 22. Kg1 Qc5+ 23. Kh1 Nf6 24. Qxd3 Rfd8 25. Qe2 Rd7 26. Rd1 Rcd8 27.
Rxd7 Rxd7 28. Qf2 Qxf2 29. Rxf2 Rd1+ 30. Kh2 Nxe4 31. Re2 f5 32. g4 g6 33. Bf3
Rf1 34. Bg2 Rxf4 35. gxf5 exf5 36. c4 Rf2 37. Rxf2 Nxf2 38. Nb5 Bxb5 39. cxb5
b6 40. Kg3 Nd1 41. b4 Nc3 42. Kf4 Kg7 43. Ke5 Nxa2 44. Kd6 Nxb4 45. Bb7 Kf6 46.
Kc7 Ke5 47. Kd7 Nd5 0-1

[Event "N�-LL 2009/10"]
[Site "?"]
[Date "2010.01.24"]
[Round "8"]
[White "Kranzl, Peter"]
[Black "Schroll, Gerhard"]
[Result "1/2-1/2"]
[WhiteElo "2264"]
[BlackElo "2387"]
[Annotator "B�hlerwerk : Wr. Neustadt"]
[PlyCount "48"]
[EventDate "2010.01.11"]
[SourceDate "2010.02.03"]

1. d4 Nf6 2. Nf3 g6 3. Nc3 Bg7 4. e4 d6 5. Be3 c6 6. Qd2 b5 7. Bd3 Nbd7 8. a4
b4 9. Ne2 a5 10. c3 bxc3 11. bxc3 O-O 12. h3 e5 13. O-O Re8 14. Ng3 Qc7 15.
Rab1 d5 16. Nxe5 Nxe5 17. dxe5 Nxe4 18. Nxe4 dxe4 19. Bxe4 Bxe5 20. Bb6 Qd7 21.
Qxd7 Bxd7 22. Rbd1 Ra6 23. Be3 Be6 24. Rb1 Bc4 1/2-1/2

[Event "N�-LL 2009/10"]
[Site "?"]
[Date "2010.01.24"]
[Round "8"]
[White "Heimberger, Reinhard"]
[Black "Todor, Razvan"]
[Result "1-0"]
[WhiteElo "2223"]
[BlackElo "2167"]
[Annotator "B�hlerwerk : Wr. Neustadt"]
[PlyCount "75"]
[EventDate "2010.01.11"]
[SourceDate "2010.02.05"]

1. c4 e5 2. Nc3 Nf6 3. e4 Bc5 4. d3 h6 5. g3 d6 6. Bg2 c6 7. Nf3 Be6 8. O-O a5
9. b3 O-O 10. d4 Bb4 11. Qc2 Nbd7 12. Bb2 Bg4 13. Ne2 exd4 14. Nexd4 Re8 15.
Nh4 Nf8 16. h3 Bh5 17. g4 Bg6 18. Ndf5 h5 19. Nxg7 hxg4 20. Nxe8 Nxe8 21. Nf5
gxh3 22. Bxh3 Qg5+ 23. Ng3 Ne6 24. Bxe6 fxe6 25. Kg2 d5 26. f4 Qg4 27. f5 exf5
28. exf5 Bf7 29. Rh1 Ng7 30. Bxg7 Kxg7 31. f6+ Kxf6 32. Raf1+ Ke7 33. Rh7 Rf8
34. cxd5 Bd6 35. Qe4+ Qxe4+ 36. Nxe4 Be5 37. d6+ Ke6 38. Ng5+ 1-0

[Event "N�-LL 2009/10"]
[Site "?"]
[Date "2010.01.24"]
[Round "8"]
[White "Steiner, Adam"]
[Black "Strobel, Ferdinand"]
[Result "1-0"]
[WhiteElo "2154"]
[BlackElo "2042"]
[Annotator "B�hlerwerk : Wr. Neustadt"]
[PlyCount "45"]
[EventDate "2010.01.11"]
[SourceDate "2010.02.05"]

1. e4 d6 2. d4 Nf6 3. Nc3 g6 4. f4 Bg7 5. Nf3 c5 6. Bb5+ Bd7 7. e5 Ng4 8. e6
Bxb5 9. exf7+ Kd7 10. Nxb5 Qa5+ 11. Nc3 Nc6 12. d5 Nd8 13. Ng5 Nh6 14. Bd2 Rf8
15. Qe2 Nf5 16. O-O h6 17. Ne6 Bd4+ 18. Kh1 Rxf7 19. Qg4 Nxe6 20. dxe6+ Kxe6
21. Ne4 Qb5 22. Qxg6+ Bf6 23. Rae1 1-0

[Event "N�-LL 2009/10"]
[Site "?"]
[Date "2010.01.24"]
[Round "8"]
[White "Neumann, Christian"]
[Black "Roman, Liviu"]
[Result "1/2-1/2"]
[WhiteElo "1971"]
[BlackElo "2016"]
[Annotator "B�hlerwerk : Wr. Neustadt"]
[PlyCount "32"]
[EventDate "2010.01.11"]
[SourceDate "2010.02.05"]

1. e4 d5 2. exd5 Nf6 3. d4 Nxd5 4. c4 Nb6 5. Nc3 g6 6. Be3 Bg7 7. Qd2 Nc6 8.
Rd1 O-O 9. Be2 e5 10. d5 Nd4 11. Bxd4 exd4 12. Nb5 Re8 13. b3 Bg4 14. Nxd4 c5
15. Nc2 Qh4 16. Kf1 Bh6 1/2-1/2

[Event "N�-LL 2009/10"]
[Site "?"]
[Date "2010.01.24"]
[Round "8"]
[White "Knoll, Hermann"]
[Black "Danner, Georg"]
[Result "0-1"]
[WhiteElo "2406"]
[BlackElo "2415"]
[Annotator "Schwarzatal : P�chlarn"]
[PlyCount "120"]
[EventDate "2010.01.11"]
[SourceDate "2010.02.05"]

1. e4 c5 2. Nf3 Nc6 3. d4 cxd4 4. Nxd4 Nf6 5. Nc3 d6 6. Bg5 e6 7. Qd2 Be7 8.
O-O-O Nxd4 9. Qxd4 O-O 10. f4 Qa5 11. Bc4 Rd8 12. Rhe1 h6 13. Bh4 e5 14. fxe5
dxe5 15. Qf2 Bg4 16. Nd5 Nxd5 17. Rxd5 Rxd5 18. exd5 Bd6 19. Qg3 f5 20. h3 Bh5
21. Rf1 Qc5 22. Bb3 e4 23. Qe1 Rf8 24. Bf2 Qc7 25. Bd4 Kh7 26. g4 fxg4 27. Rxf8
Bxf8 28. Qxe4+ Bg6 29. Qxg4 Bd6 30. c3 Qf7 31. Be3 Qf1+ 32. Bd1 a6 33. h4 h5
34. Qe6 Bf4 35. Bd2 Qf2 36. Qe2 Qxh4 37. Bxf4 Qxf4+ 38. Qd2 Qe4 39. Bc2 Qxc2+
40. Qxc2 Bxc2 41. Kxc2 Kg6 42. Kd3 Kf5 43. c4 h4 44. Ke3 g5 45. b4 Ke5 46. Kf3
b5 47. c5 Kxd5 48. Kg4 a5 49. a3 axb4 50. axb4 Ke5 51. Kf3 Kf5 52. Kf2 g4 53.
Kg2 Ke5 54. Kf2 g3+ 55. Kg2 Ke6 56. Kf3 Kf5 57. Ke3 h3 58. Kf3 h2 59. Kg2 Ke5
60. Kh1 Kf4 0-1

[Event "N�-LL 2009/10"]
[Site "?"]
[Date "2010.01.24"]
[Round "8"]
[White "Csonka, Attila"]
[Black "Weinzettl, Ernst"]
[Result "1-0"]
[WhiteElo "2292"]
[BlackElo "2276"]
[Annotator "Schwarzatal : P�chlarn"]
[PlyCount "133"]
[EventDate "2010.01.11"]
[SourceDate "2010.02.05"]

1. e4 e6 2. d4 d5 3. Nd2 Be7 4. Bd3 Nc6 5. c3 dxe4 6. Nxe4 e5 7. Qe2 exd4 8.
Nf3 Bg4 9. O-O Qd5 10. Neg5 Bxf3 11. gxf3 O-O-O 12. Be4 d3 13. Qd1 Qc4 14. Bd2
Bxg5 15. Bxg5 Nf6 16. Qb3 Na5 17. Bxb7+ Kb8 18. Qxc4 Nxc4 19. Ba6 Ne5 20. Kg2
Rd6 21. Bf4 Rxa6 22. Bxe5 Nd7 23. Bg3 Re8 24. Rfd1 Ne5 25. f4 Nc4 26. Rxd3 Nd6
27. a4 f5 28. b3 Rc6 29. c4 Re2 30. Re3 Rb2 31. Rd1 Ne4 32. a5 a6 33. Rd7 Rg6
34. Kf1 h5 35. Rxe4 fxe4 36. f5 Rb1+ 37. Ke2 Rb2+ 38. Ke3 Rxb3+ 39. Kxe4 Rg4+
40. Bf4 Rb4 41. Rd4 Kc8 42. Kd5 Ra4 43. Kc6 Ra1 44. Re4 Rd1 45. f3 Rxf4 46.
Rxf4 Rd6+ 47. Kc5 Kb7 48. Rh4 Rd3 49. Rxh5 Rxf3 50. Rg5 Ra3 51. Kb4 Rh3 52.
Rxg7 Rxh2 53. Rf7 Rd2 54. Rf6 Rd1 55. Re6 Rf1 56. f6 Rf5 57. c5 Rd5 58. f7 Rf5
59. c6+ Kb8 60. Re7 Rf4+ 61. Kc3 Rf6 62. Kd4 Rf5 63. Ke4 Rf2 64. Ke5 Rf1 65.
Ke6 Re1+ 66. Kd7 Rd1+ 67. Ke8 1-0

[Event "N�-LL 2009/10"]
[Site "?"]
[Date "2010.01.24"]
[Round "8"]
[White "Penz, Harald"]
[Black "Trkulja, Zoran"]
[Result "1-0"]
[WhiteElo "2330"]
[BlackElo "2184"]
[Annotator "Bisamberg/Korneuburg : Mauerbach"]
[PlyCount "79"]
[EventDate "2010.01.11"]
[SourceDate "2010.02.12"]

1. e4 c6 2. Nf3 g6 3. d4 Bg7 4. Bd3 d5 5. e5 Bg4 6. Nbd2 e6 7. h3 Bxf3 8. Nxf3
Ne7 9. c3 c5 10. O-O Nbc6 11. b3 Qa5 12. Bb2 O-O 13. a3 Qb6 14. b4 cxd4 15.
cxd4 Na5 16. Qe2 Nac6 17. Rac1 Rfe8 18. Rc5 Rac8 19. Rfc1 Bh6 20. R1c2 a6 21.
Bc1 Bf8 22. Bg5 Na7 23. Qe3 Nf5 24. Bxf5 exf5 25. Qc1 Rxc5 26. dxc5 Qc7 27. Rd2
a5 28. Rxd5 axb4 29. axb4 Nc6 30. Qc3 h6 31. Bf6 Ne7 32. Rd1 b6 33. Qe3 bxc5
34. bxc5 Kh7 35. Qd4 Ng8 36. Qd7 Rc8 37. c6 Bg7 38. Bxg7 Kxg7 39. Nd4 Qxc6 40.
Nxc6 1-0

[Event "N�-LL 2009/10"]
[Site "?"]
[Date "2010.01.24"]
[Round "8"]
[White "Reinwald, Patrick"]
[Black "Neumeier, Klaus"]
[Result "0-1"]
[WhiteElo "2096"]
[BlackElo "2327"]
[Annotator "Bisamberg/Korneuburg : Mauerbach"]
[PlyCount "44"]
[EventDate "2010.01.11"]
[SourceDate "2010.02.12"]

1. e4 c5 2. d4 cxd4 3. c3 Nf6 4. e5 Nd5 5. Nf3 Nc6 6. Bc4 Nb6 7. Bb3 g6 8. Ng5
d5 9. exd6 e6 10. Qf3 Ne5 11. Qe4 Bg7 12. cxd4 Nec4 13. d5 Nxd6 14. Qe2 Nxd5
15. Ba4+ b5 16. Bxb5+ Nxb5 17. Qxb5+ Bd7 18. Qb3 Rb8 19. Qa3 Nb4 20. O-O Nc2
21. Qxa7 Bd4 22. Qa6 Bb5 0-1

[Event "N�-LL 2009/10"]
[Site "?"]
[Date "2010.01.24"]
[Round "8"]
[White "Weissenbeck, Manuel"]
[Black "Wetscherek, Gerhard"]
[Result "1-0"]
[WhiteElo "2218"]
[BlackElo "2136"]
[Annotator "Bisamberg/Korneuburg : Mauerbach"]
[PlyCount "67"]
[EventDate "2010.01.11"]
[SourceDate "2010.02.12"]

1. d4 Nf6 2. Nf3 d6 3. c4 g6 4. Nc3 Bg7 5. e4 Bg4 6. Be2 c6 7. Be3 Qc7 8. h3
Bxf3 9. Bxf3 Nbd7 10. g4 a6 11. Rc1 h5 12. g5 Ng8 13. Be2 e6 14. f4 Ne7 15. Rc2
Rd8 16. Bf3 e5 17. fxe5 O-O 18. O-O c5 19. Nd5 Nxd5 20. cxd5 Rfe8 21. Bg2 Qb8
22. Qf3 cxd4 23. Qxf7+ Kh7 24. Bxd4 Nxe5 25. Bxe5 Rxe5 26. Rc7 Rg8 27. Rxb7 Qc8
28. Rc7 Qb8 29. h4 Qxb2 30. Rf6 Qd4+ 31. Kh1 Qd1+ 32. Kh2 Qg4 33. Qxg6+ Kh8 34.
Qh6+ 1-0

[Event "N�-LL 2009/10"]
[Site "?"]
[Date "2010.01.24"]
[Round "8"]
[White "Pammer, Andreas"]
[Black "Weiss, Matth�us"]
[Result "1-0"]
[WhiteElo "2111"]
[BlackElo "2003"]
[Annotator "Bisamberg/Korneuburg : Mauerbach"]
[PlyCount "49"]
[EventDate "2010.01.11"]
[SourceDate "2010.02.12"]

1. c4 Nf6 2. Nc3 g6 3. e4 d6 4. d4 Bg7 5. h3 O-O 6. Bg5 h6 7. Be3 e5 8. d5 Na6
9. Bd3 Bd7 10. Nge2 Nc5 11. Bc2 a5 12. g4 Ne8 13. Ng3 c6 14. h4 Qe7 15. f3 Bf6
16. Bxh6 Bxh4 17. Nce2 Ng7 18. Qd2 b5 19. O-O-O bxc4 20. Rxh4 Qxh4 21. Bg5 Qh2
22. Rh1 Qg2 23. Bf6 Qxh1+ 24. Nxh1 Ne8 25. Be7 1-0

[Event "N�-LL 2009/10"]
[Site "?"]
[Date "2010.01.24"]
[Round "8"]
[White "Chytilek, Roman"]
[Black "Bawart, Markus"]
[Result "1/2-1/2"]
[WhiteElo "2418"]
[BlackElo "2357"]
[Annotator "Baden : Stockerau"]
[PlyCount "45"]
[EventDate "2010.01.11"]
[SourceDate "2010.02.15"]

1. d4 Nf6 2. c4 g6 3. Nc3 Bg7 4. e4 O-O 5. h3 d6 6. Bg5 c5 7. d5 Na6 8. Bd3 Nc7
9. Nf3 a6 10. O-O Nd7 11. Bf4 Rb8 12. a4 b6 13. Re1 f6 14. Bh2 Ne5 15. Bf1
Nxf3+ 16. Qxf3 Bd7 17. Bd3 Rb7 18. Rab1 Qb8 19. Qe2 b5 20. b3 bxa4 21. Nxa4 e5
22. dxe6 Nxe6 23. Qa2 1/2-1/2